00451 2200157 4500001002100000008004100021035002000062245001500082100001600097260002900113300002100142020002200163082001000185650008500195990001300280INLIS000000000000319 ind  a0010-0423000319 aGANTI HATI aDAHLN ISKAN aSURABAYAbJP BOOKSc2007 a328 hlm.c21 cm. a978-979-1490-08-5 a741.5 aCARTOONS, CARICATURES, COMICS ( CARTOON FICTION, GRAPHIC NOVEL(VISUAL NOVELS ) ) a102709-1